|
|
|
|
| LEADER |
00000cas a2200000 c 4500 |
| 001 |
129487880 |
| 003 |
DE-627 |
| 005 |
20230818190024.0 |
| 007 |
tu |
| 008 |
931114c19589999it z| p| 0 |0ita c |
| 016 |
7 |
|
|a 011180404
|2 DE-101
|
| 016 |
7 |
|
|a 205559-4
|2 DE-600
|
| 022 |
|
|
|a 0557-1391
|
| 024 |
7 |
|
|a 00143278
|2 swets
|
| 035 |
|
|
|a (DE-627)129487880
|
| 035 |
|
|
|a (DE-576)014880210
|
| 035 |
|
|
|a (DE-599)ZDB205559-4
|
| 035 |
|
|
|a (OCoLC)611861143
|
| 040 |
|
|
|a DE-627
|b ger
|c DE-627
|e rakwb
|
| 041 |
|
|
|a ita
|
| 044 |
|
|
|c XA-IT
|
| 082 |
0 |
4 |
|a 340
|q DE-600
|
| 084 |
|
|
|a 2
|2 ssgn
|
| 084 |
|
|
|a 86.00
|2 bkl
|
| 245 |
0 |
0 |
|a Rivista italiana di diritto e procedura penale
|
| 264 |
3 |
1 |
|a Milano
|b Giuffrè
|c 1958-
|
| 336 |
|
|
|a Text
|b txt
|2 rdacontent
|
| 337 |
|
|
|a ohne Hilfsmittel zu benutzen
|b n
|2 rdamedia
|
| 338 |
|
|
|a Band
|b nc
|2 rdacarrier
|
| 362 |
0 |
|
|a N.S. 1.1958 -
|
| 363 |
0 |
1 |
|a 1
|i 1958
|
| 655 |
|
7 |
|a Zeitschrift
|0 (DE-588)4067488-5
|0 (DE-627)10454466X
|0 (DE-576)20917000X
|2 gnd-content
|
| 689 |
0 |
0 |
|d g
|0 (DE-588)4027833-5
|0 (DE-627)106283235
|0 (DE-576)208972501
|a Italien
|2 gnd
|
| 689 |
0 |
1 |
|d s
|0 (DE-588)4116635-8
|0 (DE-627)105805289
|0 (DE-576)209503211
|a Strafverfahrensrecht
|2 gnd
|
| 689 |
0 |
|
|5 DE-101
|
| 689 |
1 |
0 |
|d g
|0 (DE-588)4027833-5
|0 (DE-627)106283235
|0 (DE-576)208972501
|a Italien
|2 gnd
|
| 689 |
1 |
1 |
|d s
|0 (DE-588)4057795-8
|0 (DE-627)106149458
|0 (DE-576)209123737
|a Strafrecht
|2 gnd
|
| 689 |
1 |
|
|5 DE-101
|
| 936 |
b |
k |
|a 86.00
|j Recht: Allgemeines
|0 (DE-627)106416456
|
| 951 |
|
|
|a JT
|
| ELC |
|
|
|b 1
|
| LOK |
|
|
|0 000 xxxxxcy a22 3n 4500
|
| LOK |
|
|
|0 001 2112515918
|
| LOK |
|
|
|0 003 DE-627
|
| LOK |
|
|
|0 004 129487880
|
| LOK |
|
|
|0 005 20150129043526
|
| LOK |
|
|
|0 008 880930||||||||||||||||ger|||||||
|
| LOK |
|
|
|0 035
|a (DE-600)01398134X
|
| LOK |
|
|
|0 040
|a DE-21-24
|c DE-627
|d DE-21-24
|
| LOK |
|
|
|0 092
|o n
|
| LOK |
|
|
|0 852
|8 1
|
| LOK |
|
|
|0 852
|a DE-21-24
|
| LOK |
|
|
|0 852 1
|c J,IXc*2,1b
|9 00
|
| LOK |
|
|
|0 85900
|8 1.1
|a 1
|i 1958
|
| LOK |
|
|
|0 85910
|8 1.2
|a 26
|i 1983
|
| LOK |
|
|
|0 85900
|8 2.1
|a 47
|i 2004
|
| LOK |
|
|
|0 85910
|8 2.2
|a 56
|i 2013
|
| LOK |
|
|
|0 86630
|a 1.1958 - 26.1983; 47.2004 - 56.2013
|9 N.S.
|
| LOK |
|
|
|0 939
|a 04-12-99
|b z01
|
| LOK |
|
|
|0 000 xxxxxcx a22 zn 4500
|
| LOK |
|
|
|0 001 2112515926
|
| LOK |
|
|
|0 003 DE-627
|
| LOK |
|
|
|0 004 129487880
|
| LOK |
|
|
|0 005 20150115160207
|
| LOK |
|
|
|0 008 950329||||||||||||||||ger|||||||
|
| LOK |
|
|
|0 040
|a DE-21-24
|c DE-627
|d DE-21-24
|
| LOK |
|
|
|0 689
|a s
|a Strafrecht (Italien: Zeitschrift)
|
| LOK |
|
|
|0 689
|a s
|a Strafprozessrecht (Italien: Zeitschrift)
|
| LOK |
|
|
|0 852
|a DE-21-24
|
| LOK |
|
|
|0 852 1
|c J,IXc*2,1b
|m p
|9 00
|
| LOK |
|
|
|0 866
|a N.S. 1.1958 - 26.1983; 47.2004 - 56.2013 [Abbestellt]
|
| LOK |
|
|
|0 866
|x N.S. 1.1958 - 26.1983
|
| LOK |
|
|
|0 935
|a ALEH
|
| LOK |
|
|
|0 936ln
|a J,IXc*2,
|
| LOK |
|
|
|0 938
|k p
|
| LOK |
|
|
|0 939
|a 29-03-95
|b l01
|
| LOK |
|
|
|0 000 xxxxxcx a22 zn 4500
|
| LOK |
|
|
|0 001 2783020297
|
| LOK |
|
|
|0 003 DE-627
|
| LOK |
|
|
|0 004 129487880
|
| LOK |
|
|
|0 005 20140212111353
|
| LOK |
|
|
|0 008 140212||||||||||||||||ger|||||||
|
| LOK |
|
|
|0 040
|a DE-21-110
|c DE-627
|d DE-21-110
|
| LOK |
|
|
|0 852
|z Kein Bestand am IfK; Nachweis für KrimDok
|
| LOK |
|
|
|0 852
|a DE-21-110
|
| LOK |
|
|
|0 852 1
|m v
|9 00
|
| LOK |
|
|
|0 935
|a k110
|
| LOK |
|
|
|0 938
|k v
|
| LOK |
|
|
|0 939
|a 12-02-14
|b l01
|
| LOK |
|
|
|0 000 xxxxxcy a22 3n 4500
|
| LOK |
|
|
|0 001 2112515861
|
| LOK |
|
|
|0 003 DE-627
|
| LOK |
|
|
|0 004 129487880
|
| LOK |
|
|
|0 005 20031030000000
|
| LOK |
|
|
|0 008 881013||||||||||||||||ger|||||||
|
| LOK |
|
|
|0 035
|a (DE-600)013981358
|
| LOK |
|
|
|0 040
|a DE-Frei85
|c DE-627
|d DE-Frei85
|
| LOK |
|
|
|0 852
|8 1
|
| LOK |
|
|
|0 852
|a DE-Frei85
|
| LOK |
|
|
|0 852 1
|9 00
|
| LOK |
|
|
|0 85901
|8 1.1
|a 1
|i 1958
|
| LOK |
|
|
|0 86630
|a 1.1958 -
|
| LOK |
|
|
|0 939
|a 13-10-88
|b z01
|
| ORI |
|
|
|a WA-MARC-krimdokb001.raw
|
| SPR |
|
|
|a 1
|t KRI
|
| TIM |
|
|
|a 100018610317_100020261231
|b 1861-03-17 - 2026
|